Nezávislý rating

Ciele a realizácia projektu Hodnotenie ekonomických a sociálnych opatrení (HESO). TOP 10 opatrení projektu HESO. Výsledky projektu HESO. Vývoj ratingu štvrťroka.

Guardado en:
Detalles Bibliográficos
Autor principal: Jurzyca, Eugen
Formato: Capítulo de libro
Lenguaje:eslovaco
Materias:
Etiquetas: Agregar Etiqueta
Sin Etiquetas, Sea el primero en etiquetar este registro!

MARC

LEADER 00000naa a2200000 4500
001 r042901
005 20230920073253.0
041 0 |a slo 
044 |a SK 
245 1 0 |a Nezávislý rating  |c Eugen Jurzyca 
520 |a Ciele a realizácia projektu Hodnotenie ekonomických a sociálnych opatrení (HESO). TOP 10 opatrení projektu HESO. Výsledky projektu HESO. Vývoj ratingu štvrťroka. 
610 2 0 |a rating 
610 2 0 |a projekty 
610 2 0 |a opatrenia 
610 2 0 |a podpora podnikania 
610 2 0 |a reformy hospodárske 
610 2 0 |a Slovensko 
100 1 |a Jurzyca, Eugen